| 000 | 01625nab a22003137a 4500 | ||
|---|---|---|---|
| 999 |
_c5630 _d5630 |
||
| 003 | OSt | ||
| 005 | 20251223002131.0 | ||
| 008 | 190429b xxu||||| |||| 00| 0 spa d | ||
| 040 | _cPJ | ||
| 100 |
_96326 _aValongo, Matías |
||
| 245 | 1 | 0 |
_aDoble vía penal tributaria y fiscal administrativa. Criterios de la CS sobre la cosa juzgada penal en el fallo Courel / _cMatías Valongo. |
| 260 |
_cCiudad Autónoma de Buenos Aires : _aThomson Reuters La Ley, _b2025. |
||
| 300 | _ap. 208-214 | ||
| 500 | _aCita: TR LALEY AR/DOC/2857/2025. | ||
| 505 | _aSumario: I. Introducción.— II. Planteo del caso Courel.— III. Evolución normativa. Prejudicialidad tributaria, penal y la doble vía.— IV. Los criterios de la Corte en Courel: análisis de la disidencia y núcleo del conflicto.— V. Conclusiones y proyecciones a partir del fallo. | ||
| 505 | _aFallo comentado: CS ~ 01/07/2025 ~ Courel, Manuel Alberto c. Dirección General Impositiva s/ recurso directo de organismo externo. | ||
| 505 | _tSi te interesa el texto completo, solicitalo a koha@justierradelfuego.gov.ar | ||
| 650 | 0 |
_9343 _aDERECHO PENAL |
|
| 650 | 0 |
_9339 _aDERECHO TRIBUTARIO |
|
| 650 | 0 |
_9965 _aCOSA JUZGADA |
|
| 650 | 0 |
_92044 _aRECURSO EXTRAORDINARIO |
|
| 650 | 0 |
_9180 _aDEBIDO PROCESO |
|
| 650 | 0 |
_92717 _aSOBRESEIMIENTO |
|
| 650 | 0 |
_9560 _aEXENCIONES IMPOSITIVAS |
|
| 650 | 0 |
_91811 _aEXPROPIACION |
|
| 650 | 0 |
_95507 _aDETERMINACIÓN DE OFICIO |
|
| 773 | 0 |
_02658 _93164 _tRevista de derecho penal y criminología. Nº 11 - Diciembre 2025 _dCiudad Autónoma de Buenos Aires : Thomson Reuters La Ley, 2017- _x00347914 |
|
| 942 |
_2udc _cANA |
||